<?xml version="1.0" encoding="UTF-8"?>
<record
    xmlns:xsi="http://www.w3.org/2001/XMLSchema-instance"
    xsi:schemaLocation="http://www.loc.gov/MARC21/slim http://www.loc.gov/standards/marcxml/schema/MARC21slim.xsd"
    xmlns="http://www.loc.gov/MARC21/slim">

  <leader>04599nam a2200385 a 4500</leader>
  <controlfield tag="001">000000372</controlfield>
  <controlfield tag="003">DO-SdBPM</controlfield>
  <controlfield tag="005">20260220122744.0</controlfield>
  <controlfield tag="007">ta</controlfield>
  <controlfield tag="008">081028s2007    dr ad         001 0 spa d</controlfield>
  <datafield tag="020" ind1=" " ind2=" ">
    <subfield code="a">9789993427117</subfield>
  </datafield>
  <datafield tag="020" ind1=" " ind2=" ">
    <subfield code="a">999342711X</subfield>
  </datafield>
  <datafield tag="040" ind1=" " ind2=" ">
    <subfield code="a">DO-SdBPM</subfield>
    <subfield code="b">spa</subfield>
    <subfield code="c">BPMSU</subfield>
    <subfield code="e">rda</subfield>
  </datafield>
  <datafield tag="082" ind1="0" ind2="4">
    <subfield code="a">972.93054</subfield>
    <subfield code="b">R696m 2007</subfield>
    <subfield code="2">22</subfield>
  </datafield>
  <datafield tag="100" ind1="1" ind2=" ">
    <subfield code="a">Rodr&#xED;guez Demorizi, Emilio,</subfield>
    <subfield code="d">1908-1986</subfield>
    <subfield code="e">autor</subfield>
    <subfield code="4">aut.</subfield>
  </datafield>
  <datafield tag="245" ind1="1" ind2="0">
    <subfield code="a">M&#xE1;s papeles de Ramfis Trujillo :</subfield>
    <subfield code="b">sucesos de 1962 /</subfield>
    <subfield code="c">Emilio Rodr&#xED;guez Demorizi ; editor Bernardo Vega ; pr&#xF3;logo Clara Rodr&#xED;guez Demorizi.</subfield>
  </datafield>
  <datafield tag="264" ind1=" " ind2=" ">
    <subfield code="a">Santo Domingo :</subfield>
    <subfield code="b">Fundaci&#xF3;n Rodr&#xED;guez Demoriz ;</subfield>
    <subfield code="b">Fundaci&#xF3;n Cultural Dominicana,</subfield>
    <subfield code="c">2007</subfield>
  </datafield>
  <datafield tag="300" ind1=" " ind2=" ">
    <subfield code="a">159 p&#xE1;ginas  :</subfield>
    <subfield code="b">ilustraciones,  retratos. ;</subfield>
    <subfield code="c">23 cm.</subfield>
  </datafield>
  <datafield tag="336" ind1=" " ind2=" ">
    <subfield code="a">texto</subfield>
    <subfield code="b">txt</subfield>
    <subfield code="2">rdacontent</subfield>
  </datafield>
  <datafield tag="337" ind1=" " ind2=" ">
    <subfield code="a">sin mediaci&#xF3;n </subfield>
    <subfield code="b">n</subfield>
    <subfield code="2">rdamedia </subfield>
  </datafield>
  <datafield tag="338" ind1=" " ind2=" ">
    <subfield code="a">volumen </subfield>
    <subfield code="b">nc</subfield>
    <subfield code="2">rdacarrier </subfield>
  </datafield>
  <datafield tag="500" ind1=" " ind2=" ">
    <subfield code="a">Incluye referencias bibliogr&#xE1;ficas y notas al pie de las p&#xE1;ginas</subfield>
  </datafield>
  <datafield tag="500" ind1=" " ind2=" ">
    <subfield code="a">Incluye &#xED;ndice onom&#xE1;stico </subfield>
  </datafield>
  <datafield tag="500" ind1=" " ind2=" ">
    <subfield code="a">Incluye datos biogr&#xE1;ficos del autor y del editor en las solapas de la cubierta</subfield>
  </datafield>
  <datafield tag="505" ind1="2" ind2=" ">
    <subfield code="t">Pr&#xF3;logo /</subfield>
    <subfield code="r">Clara Rodr&#xED;guez Demorizi --</subfield>
    <subfield code="t">Introducci&#xF3;n /</subfield>
    <subfield code="r">Bernardo Vega --</subfield>
    <subfield code="t">Una demaciado breve misi&#xF3;n diplom&#xE1;tica --</subfield>
    <subfield code="t">Cincuenta y tres d&#xED;as --</subfield>
    <subfield code="t">Opiniones de Luis Amiama, de Ramfis Trujillo y del Lic. Tem&#xED;stocles Messina sobre el papel de Emilio Rodr&#xED;guez Demorizi en la liberaci&#xF3;n de varias personas apresadas con motivo de la muerte de Trujillo --</subfield>
    <subfield code="t">La muerte de Trujillo seg&#xFA;n sus autores --</subfield>
    <subfield code="t">Antecedentes --</subfield>
    <subfield code="t">Declaraciones de los h&#xE9;roes del 30 de mayo dadas el 18 de noviembre de 1961 comparadas con las ofrecidas bajo tortura a principios de junio de ese a&#xF1;o --</subfield>
    <subfield code="t">Modesto E. D&#xED;az Quezada --</subfield>
    <subfield code="t">Roberto Pastoriza Neret --</subfield>
    <subfield code="t">Pedro Livio Cede&#xF1;o --</subfield>
    <subfield code="t">Luis Salvador Estrella Sadhal&#xE1; --</subfield>
    <subfield code="t">Hu&#xE1;scar Tejeda --</subfield>
    <subfield code="t">Luis Manuel ( Tunti ) C&#xE1;ceres Michel --</subfield>
    <subfield code="t">Las armas utilizadas en la muerte de Trujillo, por Bernardo Vega --</subfield>
    <subfield code="t">Certificado m&#xE9;dico del Dr. Francisco Gonz&#xE1;lez Cruz, E. N. --</subfield>
    <subfield code="t">Declaraciones de Antonio Imbert a Francisco ( Pancho ) Aguirre, en abril de 1964 --</subfield>
    <subfield code="t">Las dos declaraciones del chofer de Trujillo-- Notas a manos de Rodr&#xED;guez Demorizi --</subfield>
    <subfield code="t">Carta de Tom&#xE1;s B&#xE1;ez D&#xED;az a Homero Hern&#xE1;ndez, de agosto de 1981 --</subfield>
    <subfield code="t">Declaraci&#xF3;n de Horacio Fr&#xED;as, ex jefe de la Penitenciar&#xED;a Nacional de La Victoria --</subfield>
    <subfield code="t">Entrevista hecha a Ramfis por el periodista cubano Jos&#xE9; Su&#xE1;rez N&#xFA;&#xF1;ez, en enero de 1966, en la revista venezolana Elite -- La carta de Ramfis a Jos&#xE9; Su&#xE1;rez N&#xFA;&#xF1;ez --</subfield>
    <subfield code="t">Dos opiniones personales de Rodr&#xED;guez Demorizi --</subfield>
    <subfield code="t">Amiama Ti&#xF3; involucra a Rafael Vidal en el complot --</subfield>
    <subfield code="t">Opini&#xF3;n de Ramfis Trujillo sobre los que mataron a su padre --</subfield>
    <subfield code="t">El papel de Jos&#xE9; Ren&#xE9; ( Pupo ) Rom&#xE1;n Fern&#xE1;ndez en el complot --</subfield>
    <subfield code="t">Notas tomadas por Rodr&#xED;guez Demorizi sobre una conversaci&#xF3;n con Ramfis en febrero de 1966 --</subfield>
    <subfield code="t">Carta p&#xFA;blica de los hijos de Rom&#xE1;n Fern&#xE1;ndez--</subfield>
    <subfield code="t">Reacci&#xF3;n p&#xFA;blica de Ramfis a la declaraci&#xF3;n de los hijos de Rom&#xE1;n Fern&#xE1;ndez --</subfield>
    <subfield code="t">Redacci&#xF3;n p&#xFA;blica de Ramfis a la declaraci&#xF3;n de los hijos de Rom&#xE1;n .</subfield>
  </datafield>
  <datafield tag="505" ind1="2" ind2=" ">
    <subfield code="t">Carta de Octavio ("Tavito") Balc&#xE1;cel --</subfield>
    <subfield code="t">Carta de Fernando A. ("Tunti") S&#xE1;nchez Otero a Ramfis, sobre "Pupo" Rom&#xE1;n --</subfield>
    <subfield code="t">Opini&#xF3;n de Horacio Fr&#xED;as, ex jefe del penal de La Victoria, sobre "Pupo" Rom&#xE1;n --</subfield>
    <subfield code="t">Las negociaciones pol&#xED;ticas de Ramfis Trujillo con los norteamericanos, Junio-Noviembre de 1961 --</subfield>
    <subfield code="t">Antecedentes --</subfield>
    <subfield code="t">Memor&#xE1;ndum de Ramfis cr&#xED;tico de Balaguer --</subfield>
    <subfield code="t">Memor&#xE1;ndum de Charles MacLaughlin sobre su reuni&#xF3;n con Robert Murphy, el 7 de agosto de 1961 --</subfield>
    <subfield code="t">Lo negociado con McGhee y las exigencias de la OEA --</subfield>
    <subfield code="t">Las memorias de McGhee --</subfield>
    <subfield code="t">Carta de J. Arismendy ("Pet&#xE1;n") Trujillo, de 1962 --</subfield>
    <subfield code="t">Otros asuntos --</subfield>
    <subfield code="t">Las 44 preguntas hechas por Rodr&#xED;guez Demorizi a Ramfis --</subfield>
    <subfield code="t">Santiago Rey y el enterramiento de Trujillo en Par&#xED;s --</subfield>
    <subfield code="t">Opini&#xF3;n de Ramfis Trujillo sobre Anselmo Paulino &#xC1;lvarez --</subfield>
    <subfield code="t">Opini&#xF3;n de Ramfis Trujillo sobre Mayobanex Vargas --</subfield>
    <subfield code="t">Opini&#xF3;n del coronel Miguel &#xC1;ngel Hernando Ram&#xED;rez sobre Trujillo, Jos&#xE9; ren&#xE9; Rom&#xE1;n, Luis Amiama Ti&#xF3; y Antonio Imbert y reacci&#xF3;n de Ramfis Trujillo a esos comentarios --</subfield>
    <subfield code="t">Fuentes de los documentos --</subfield>
    <subfield code="t">Bibliograf&#xED;a --</subfield>
    <subfield code="t">&#xCD;ndice onom&#xE1;stico.</subfield>
  </datafield>
  <datafield tag="590" ind1=" " ind2=" ">
    <subfield code="a">Inventariado, 2026/VM</subfield>
  </datafield>
  <datafield tag="600" ind1="1" ind2="7">
    <subfield code="a">Trujillo Mart&#xED;nez, Rafael Le&#xF3;nidas</subfield>
    <subfield code="c">(Ramfis)</subfield>
    <subfield code="d">1929-1969</subfield>
    <subfield code="v">Correspondencias, memorias, etc.</subfield>
  </datafield>
  <datafield tag="600" ind1="1" ind2="7">
    <subfield code="a">Trujillo Molina, Rafael Le&#xF3;nidas,</subfield>
    <subfield code="d"> 1891-1961</subfield>
  </datafield>
  <datafield tag="650" ind1="z" ind2=" ">
    <subfield code="x"> </subfield>
  </datafield>
  <datafield tag="651" ind1=" " ind2="7">
    <subfield code="a">Rep&#xFA;blica Dominicana</subfield>
    <subfield code="x">Historia</subfield>
    <subfield code="y">1961-</subfield>
    <subfield code="v">Fuentes</subfield>
  </datafield>
  <datafield tag="651" ind1=" " ind2=" ">
    <subfield code="a">Rep&#xFA;blica Dominicana</subfield>
    <subfield code="x">Pol&#xED;tica y gobierno </subfield>
  </datafield>
  <datafield tag="910" ind1=" " ind2=" ">
    <subfield code="a">VMateo V. Control de calidad BPMSU </subfield>
  </datafield>
  <datafield tag="942" ind1=" " ind2=" ">
    <subfield code="2">ddc</subfield>
    <subfield code="c">BK</subfield>
  </datafield>
  <datafield tag="952" ind1=" " ind2=" ">
    <subfield code="0">0</subfield>
    <subfield code="1">0</subfield>
    <subfield code="2">ddc</subfield>
    <subfield code="7">0</subfield>
    <subfield code="8">CD</subfield>
    <subfield code="a">BPMET</subfield>
    <subfield code="b">BPMET</subfield>
    <subfield code="d">2017-10-19</subfield>
    <subfield code="l">0</subfield>
    <subfield code="o">BPMSU CD 972.93054 R696m 2007</subfield>
    <subfield code="p">BPMSU17100072</subfield>
    <subfield code="r">2017-10-19</subfield>
    <subfield code="w">2017-10-19</subfield>
    <subfield code="y">BK</subfield>
  </datafield>
  <datafield tag="999" ind1=" " ind2=" ">
    <subfield code="c">12642</subfield>
    <subfield code="d">12642</subfield>
  </datafield>
</record>
